Invisible frontiers : (Record no. 17159)
[ view plain ]
| 000 -LEADER | |
|---|---|
| fixed length control field | 01014nam a22002657a 4500 |
| 003 - CONTROL NUMBER IDENTIFIER | |
| control field | OSt |
| 005 - DATE AND TIME OF LATEST TRANSACTION | |
| control field | 20170518100326.0 |
| 008 - FIXED-LENGTH DATA ELEMENTS--GENERAL INFORMATION | |
| fixed length control field | 160504b xxu||||| |||| 00| 0 eng d |
| 010 ## - LIBRARY OF CONGRESS CONTROL NUMBER | |
| LC control number | 88020042 |
| 020 ## - INTERNATIONAL STANDARD BOOK NUMBER | |
| International Standard Book Number | 1556151721 : |
| Terms of availability | $8.95 |
| 040 ## - CATALOGING SOURCE | |
| Original cataloging agency | mmu |
| Transcribing agency | mmu |
| Modifying agency | mmu |
| Language of cataloging | eng |
| 050 10 - LIBRARY OF CONGRESS CALL NUMBER | |
| Classification number | TP248.6 |
| Item number | .H35 1988 |
| 082 00 - DEWEY DECIMAL CLASSIFICATION NUMBER | |
| Classification number | 615/.365 |
| Edition number | 19 |
| 100 1# - MAIN ENTRY--PERSONAL NAME | |
| Personal name | Hall, Stephen S. |
| 245 10 - TITLE STATEMENT | |
| Title | Invisible frontiers : |
| Remainder of title | the race to synthesize a human gene / |
| Statement of responsibility, etc. | Stephen S. Hall. |
| 260 ## - PUBLICATION, DISTRIBUTION, ETC. (IMPRINT) | |
| Place of publication, distribution, etc. | Redmond, Wash. : |
| Name of publisher, distributor, etc. | Tempus Books of Microsoft Press ; |
| Place of publication, distribution, etc. | [New York] : |
| Name of publisher, distributor, etc. | Distributed to the book trade in the U.S. by Harper & Row, |
| Date of publication, distribution, etc. | c1988. |
| 300 ## - PHYSICAL DESCRIPTION | |
| Extent | xiv, 334 p. : |
| Other physical details | port. ; |
| Dimensions | 23 cm. |
| 500 ## - GENERAL NOTE | |
| General note | Reprint. Originally published: 1st ed. New York : Atlantic Monthly Press, c1987. |
| 500 ## - GENERAL NOTE | |
| General note | Includes index. |
| 650 #0 - SUBJECT ADDED ENTRY--TOPICAL TERM | |
| Topical term or geographic name as entry element | Genetic engineering |
| Form subdivision | Popular works. |
| 650 #0 - SUBJECT ADDED ENTRY--TOPICAL TERM | |
| Topical term or geographic name as entry element | Recombinant DNA |
| Form subdivision | Popular works. |
| 650 #0 - SUBJECT ADDED ENTRY--TOPICAL TERM | |
| Topical term or geographic name as entry element | Insulin |
| General subdivision | Biotechnology |
| Form subdivision | Popular works. |
| 906 ## - LOCAL DATA ELEMENT F, LDF (RLIN) | |
| a | 7 |
| b | cbc |
| c | orignew |
| d | 1 |
| e | ocip |
| f | 19 |
| g | y-gencatlg |
| 942 ## - ADDED ENTRY ELEMENTS (KOHA) | |
| Source of classification or shelving scheme | Library of Congress Classification |
| Koha item type | L |
| Withdrawn status | Lost status | Source of classification or shelving scheme | Damaged status | Not for loan | Home library | Current library | Date acquired | Source of acquisition | Total Checkouts | Full call number | Barcode | Date last seen | Price effective from | Koha item type |
|---|---|---|---|---|---|---|---|---|---|---|---|---|---|---|
| Library of Congress Classification | Maasai Mara University Library -Main Campus | Maasai Mara University Library -Main Campus | 05/04/2016 | Donation | TP248.6 .H35 1988 | 20129387 | 05/04/2016 | 05/04/2016 | L |